Confidence in European Retail Banking: Assessing Relationship with Economic Fundamentals

Typológia indexov dôvery a barometrov, ktoré vypracovali audítorské a poradenské firmy, výskumné centrá alebo bankové združenia s cieľom pomôcť bankám pri lepšom porozumení potrieb, vnímania a očakávaní zákazníkov.

Saved in:
Bibliographic Details
Main Author: Barbu, Teodora Cristina
Other Authors: Boitan, Iustina
Format: Book Chapter
Language:English
Subjects:
Tags: Add Tag
No Tags, Be the first to tag this record!

MARC

LEADER 00000naa a2200000 4500
001 0241119
005 20221104111306.0
041 0 |a eng 
044 |a SK 
245 1 0 |a Confidence in European Retail Banking: Assessing Relationship with Economic Fundamentals  |c Teodora Cristina Barbu, Iustina Boitan 
520 |a Typológia indexov dôvery a barometrov, ktoré vypracovali audítorské a poradenské firmy, výskumné centrá alebo bankové združenia s cieľom pomôcť bankám pri lepšom porozumení potrieb, vnímania a očakávaní zákazníkov. 
610 2 0 |a banky 
610 2 0 |a bankovníctvo retailové 
610 2 0 |a zákazníci 
610 2 0 |a Európa 
610 2 0 |a audítori 
610 2 0 |a spokojnosť zákazníkov 
100 1 |a Barbu, Teodora Cristina 
700 1 |a Boitan, Iustina